Noms des personnages qu'a interprété Pierre Niney - Statistiques

Statistiques générales
  • Ce quiz a été pris 11 fois
  • Le résultat moyen est 8 sur 36
Statistiques - réponses
Réponse % Correct
Le Comte de Monte-Cristo d'Alexandre de La Patellière et Matthieu Delaporte Edmond Dantes | le comte de Monte-Cristo | Lord Halifax
75%
Yves Saint Laurent de Jalil Lespert Yves Saint Laurent
75%
Five d'Igor Gotesman Samuel
63%
La Flamme + Le Flambeau : Les aventuriers de Chupacabra Dr Bruno Juiphe
50%
Deux Moi de Cédric Klapisch Mathieu Bernard
50%
Un homme idéal de Yann Gozlan Mathieu Vasseur
50%
Boîte noire de Yann Gozlan Mathieu Vasseur
50%
Vice-versa 1 et 2 Peur
50%
Toy Story 4 Fourchette
38%
La Promesse de l'aube d'Éric Barbier Romain Gary
38%
Amants de Nicole Garcia Simon
38%
20 ans d’écart de David Moreau Balthazar Apfel
25%
LOL de Lisa Azuelos Julien
25%
Le Livre des solutions de Michel Gondry Marc Becker
25%
J'aime regarder les filles de Frédéric Louf Primo Bramsi
25%
Mascarade de Nicolas Bedos Adrien
13%
Frantz de François Ozon Adrien Rivoire
13%
L'Armée du crime de Robert Guédiguian Henri Keltekian
13%
Comme des frères d'Hugo Gélin Maxime
13%
Les Bad Guys M. Loup
13%
Altamira d'Hugh Hudson Paul Ratier
13%
L'Odyssée de Jérôme Salle Philippe Cousteau
13%
Fiasco Raphaël Valande
13%
L'Autre Monde de Gilles Marchand Yann
13%
Marion Mazzano de Marc Angelo Yann Vérac
13%
Réfractaire de Nicolas Steil Armand
0%
La Passion Van Gogh Armand Roulin
0%
Folie douce de Josée Dayan Arnaud
0%
Les Diamants de la victoire de Vincent Monnet Boivin de Bièvre
0%
Cro Man Doug
0%
Sauver ou périr de Frédéric Tellier Franck Pasquier
0%
Nos 18 ans de Frédéric Berthe Loïc
0%
Les Émotifs anonymes de Jean-Pierre Améris Ludo
0%
Goliath de Frédéric Tellier Mathias
0%
OSS 117 : Alerte rouge en Afrique noire de Nicolas Bedos Serge / OSS 1001
0%
La Dame d'Izieu d'Alain Wermus Théo Reis
0%
Aucun quiz correspondant
Distribution des résultats
% des personnes avec chaque résultat
Percentile par nombre de réponses
Votre historique - résultats
Vous n’avez pas pris ce quiz